Faculty of Law Library — Cairo University

Official Online Catalog

القانون الجنائى ودراسات فلسفية وسياسية جنائية متعمقة : (Record no. 59923)

MARC details
000 -LEADER
fixed length control field 01553nam a2200361 i 4500
003 - CONTROL NUMBER IDENTIFIER
control field EG-GICUC
005 - DATE AND TIME OF LATEST TRANSACTION
control field 20260314093032.0
008 - FIXED-LENGTH DATA ELEMENTS--GENERAL INFORMATION
fixed length control field 260128s1998 ua |||fr|||| 00| 0 ara d
017 ## - COPYRIGHT OR LEGAL DEPOSIT NUMBER
Copyright or legal deposit number 6/70/98
-- 3866/1998
020 ## - INTERNATIONAL STANDARD BOOK NUMBER
International Standard Book Number 9771960881
020 ## - INTERNATIONAL STANDARD BOOK NUMBER
International Standard Book Number 9772002256
040 ## - CATALOGING SOURCE
Original cataloging agency EG-GICUC
Language of cataloging ara
Transcribing agency EG-GICUC
Modifying agency EG-GICUC
Description conventions rda
041 0# - LANGUAGE CODE
Language code of text/sound track or separate title Ara
082 04 - DEWEY DECIMAL CLASSIFICATION NUMBER
Edition number 21
Classification number 343.3
Item number ع ب . ق
092 04 - LOCALLY ASSIGNED DEWEY CALL NUMBER (OCLC)
Edition number 21
099 ## - LOCAL FREE-TEXT CALL NUMBER (OCLC)
Classification number Law1 10 343.3 ع ب . ق 1998
100 0# - MAIN ENTRY--PERSONAL NAME
Personal name عبدالرحيم صدقى
Relator term مؤلف.
245 12 - TITLE STATEMENT
Title القانون الجنائى ودراسات فلسفية وسياسية جنائية متعمقة :
Remainder of title دور الفلسفة والسياسة الجنائية فى تطوير القانون الجنائى /
Statement of responsibility, etc. تأليف دكتور عبدالرحيم صدقى.
264 #1 - PRODUCTION, PUBLICATION, DISTRIBUTION, MANUFACTURE, AND COPYRIGHT NOTICE
Place of production, publication, distribution, manufacture القاهرة :
Name of producer, publisher, distributor, manufacturer المؤسسة الفنية للطباعة والنشر،
Date of production, publication, distribution, manufacture, or copyright notice 1998.
300 ## - PHYSICAL DESCRIPTION
Extent 402 صفحة؛
Dimensions 24 سم.
Other physical details إيضاحيات، صور، مثيليات ؛
336 ## - CONTENT TYPE
Source rda content
Content type term text
337 ## - MEDIA TYPE
Source rda media
Media type term Computer
338 ## - CARRIER TYPE
Source rda carrier
Carrier type term Online Resource
490 ## - SERIES STATEMENT
Series statement موسوعة صدقى فى القانون الجنائى؛
Volume/sequential designation المجلد الخامس عشر
504 ## - BIBLIOGRAPHY, ETC. NOTE
Bibliography, etc. note . 240-220 ببليوجرافيا: صفحات.
546 ## - LANGUAGE NOTE
Language note النص باللغة العربية
650 1# - SUBJECT ADDED ENTRY--TOPICAL TERM
Topical term or geographic name entry element قانون الإجراءات الجنائية
Source of heading or term qrmak
650 1# - SUBJECT ADDED ENTRY--TOPICAL TERM
Topical term or geographic name entry element القانون الجنائى
Source of heading or term qrmak
651 1# - SUBJECT ADDED ENTRY--GEOGRAPHIC NAME
Source of heading or term qrmak
856 40 - ELECTRONIC LOCATION AND ACCESS
Uniform Resource Identifier <a href="https://fll.law.cu.edu.eg/fulltext/bks/B10-08708.pdf">https://fll.law.cu.edu.eg/fulltext/bks/B10-08708.pdf</a>
905 ## - Cataloger and Reviser Names
Cataloger Name: Yasmin Sayed
942 ## - ADDED ENTRY ELEMENTS (KOHA)
Source of classification or shelving scheme Dewey Decimal Classification
Koha item type Books
Edition 21
Suppress in OPAC No
Holdings
Withdrawn status Lost status Source of classification or shelving scheme Damaged status Not for loan Collection Home library Current library Date acquired Total checkouts Full call number Barcode Date last seen Copy number Price effective from Koha item type
    Dewey Decimal Classification   Not for loan القانون الجنائي جــــامعة القــاهرة مكتبة كلية الحقوق - المبنى الرئيسي 28.01.2026   Law1 10 343.3 ع ب . ق 1998 1008708 C1 B10-08708 28.01.2026 1 28.01.2026 Books
    Dewey Decimal Classification     القانون الجنائي جــــامعة القــاهرة مكتبة كلية الحقوق - المبنى الرئيسي 28.01.2026   Law1 10 343.3 ع ب . ق 1998 1008719 C1 B10-08719 28.01.2026 2 28.01.2026 Books
    Dewey Decimal Classification     القانون الجنائي مكتبة كلية الحقوق - فـرع الشيخ زايد مكتبة كلية الحقوق - فـرع الشيخ زايد 27.02.2026   Law2 10 343.3 ع ب . ق 1998 1008457 C3 B10-08457 27.02.2026 3 27.02.2026 Books

© All rights reserved — Faculty of Law, Cairo University